• 首页
  • 本馆介绍
  • 公告通知
  • 最新文献
  • 馆藏检索
  • 电子资源
  • 读者导购
  • 参考咨询
  • 我的图书馆
  • 登录
  • 详细信息显示
  • 放入我的书架
  • 预约/预借图书
  • 作者相关作品
  • 分类相关作品
  • 丛书相关作品
  • 出版社相关作品

书目信息

  • 表格格式
  • 工作单格式
  • 卡片格式
题名:
工业企业经济活动分析
    
 
作者: ;工业企业经济活动分析编写组 编
分册:  
出版信息: 北京   中国财政经济出版社  1981
页数: 326页
开本: 21cm
丛书名:
单 册:
中图分类: F406.7
科图分类:
主题词: 工业企业-经济活动分析--高等学校--教材 , 经济活动分析-工业企业--高等学校--教材
电子资源:
ISBN:
000 00808nam0 2200253 45
001 0181007417
005 20060810112439.71
010    @dCNY1.35
091    @aCN@b4166.286
100    @a19950228d1981 em y0chiy0121 ea
101 0  @achi
102    @aCN@b110000
105    @ay z 000yy
200 10 @a工业企业经济活动分析@Agong ye qi ye jing ji huo dong fen xi@f工业企业经济活动分析编写组编著
210    @a北京@c中国财政经济出版社@d1981
215    @a326页@d21cm
300    @a高等财经院校试用教材
606    @a工业企业-经济活动分析@x高等学校@x教材
606    @a经济活动分析-工业企业@x高等学校@x教材
690    @aF406.7@v3
711 02 @a工业企业经济活动分析编写组@Agong ye qi ye jing ji huo dong fen xi bian xie zu@4编
801  2 @aCN@bNLC@c20060810
801  0 @aCN@bTSSF
905    @a10447@dF406.7@e172
    
    工业企业经济活动分析/工业企业经济活动分析编写组编著.-北京:中国财政经济出版社,1981
    326页;21cm
    高等财经院校试用教材
    
    ISBN :CNY1.35
    
●
相关链接 在E读中查询图书 在五车中查询图书 在当当中查询图书 在豆瓣中查询图书


正题名:工业企业经济活动分析     索取号:F406.7/172         预约/预借

序号 登录号 条形码 馆藏地/架位号 状态 备注
1 0448427   204484272   密集书库/ [索取号:F406.7/172] 在馆    
唐山师范学院图书馆 欢迎您!
大连网信软件有限公司© 版权所有